Energy Sources - Statistics

General Stats
  • This quiz has been taken 53 times
  • The average score is 3 of 20
Answer Stats
Hint Answer % Correct
Industrial Revolution (18th century) Coal
88%
Use in lighting (19th century) Natural Gas
31%
Used as Fuel in bog regions (Ancient Times) Peat
29%
Photovoltaic Cells (1954, Bell Labs) Solar Energy
24%
Windmills (Middle Ages, Netherlands) Wind Energy
24%
Thomas Edison and Nikola Tesla (late 19th century) Electricity
21%
Manhattan Project (1940s) Nuclear Energy
21%
Water Wheels (Ancient Greece) Hydropower
17%
Drilling in pennsylvania (1859) Petroleum
14%
Firewood, Animal Dung (early human societies) Biomass
12%
Formation over millions of years Fossil Fuels
12%
Used for bathing (Ancient Rome) Geothermal Energy
7%
Early prototypes developed in the 20th century Wave Energy
7%
La Rance Tidal Power Station (France, 1966) Tidal Energy
2%
Rudolf Diesel (1895) Biodiesel
0%
Usage in transportation (19th century) Compressed Natural Gas
0%
Sir William Grove (1839) Hydrogen Fuel Cells
0%
Produced from wood (19th century) Methanol
0%
Hydraulic Fracturing (1940s) Natural Gas Fracking
0%
Concept developed in the 1930s (OTEC) Ocean Thermal Energy Conversion
0%
No matching quizzes found
Score Distribution
Percent of People with Each Score
Percentile by Number Answered
Your Score History
You have not taken this quiz